Akupunktur (Record no. 13178)

MARC details
000 -BAŞLIK
Sabit Uzunluktaki Kontrol Alanı 00666nam a2200229Ia 4500
003 - KONTROL NUMARASI KİMLİĞİ
Kontrol Alanı koha_MIRAKIL
005 - EN SON İŞLEM TARİHİ ve ZAMANI
Kontrol Alanı 20240814122959.0
008 - SABİT UZUNLUKTAKİ VERİ ÖGELERİ - GENEL BİLGİ
Sabit Alan 2000131b xxu||||| |||| 00| 0 tur d
020 ## - ISBN - ULUSLARARASI STANDART KİTAP NUMARASI
Isbn 9789750825286
040 ## - KATALOGLAMA KAYNAĞI
Özgün Kataloglama Kurumu TR-IsTIV
Kataloglama Dili tur
Çeviri Kurumu TR-IsTIV
041 ## - DİL KODU
Metin ya da ses kaydının dil kodu tur
082 ## - DEWEY ONU SINIFLAMA SİSTEMİ
Sınıflama Numarası 615.892
Cutter numarası GUIa
090 ## - YEREL YER NUMARASI
Yerel Yer Numarası 615.892 GUIa
100 ## - KİŞİ ADI
Yazar Adı (Kişi adı) Guıllaume,Madeleıne J
245 #0 - ESER ADI BİLDİRİMİ
Başlık Akupunktur
250 ## - BASIM BİLDİRİMİ
Basım Bildirimi 1
260 ## - YAYIN, DAĞITIM, VB.
Yayın Yeri İstanbul:
Yayınevi İletişim yayınları,
Yayın Tarihi ty.
300 ## - FİZİKSEL TANIMLAMA
Sayfa, Cilt vb. 112 s.
500 ## - GENEL NOT
Genel Not tıp, sağlık, tedavi, akupunktur, alternatif tıp
700 ## - EK GİRİŞ - KİŞİ ADI
Yazar Adı (Kişi adı) diğer yaz. Jean-Claude de Tymowski, Madeline Fievet-Izard çev. Maide Selen
942 ## - EK GİRİŞ ÖGELERİ (KOHA)
Source of classification or shelving scheme Dewey Decimal Classification
Koha item type Kitaplar

No items available.